000
00310nam a2200145Ia 4500
100
_a
Desphande
942
_c
BK
654
_a
management
245
_a
Factory Management
260
_b
Vora & Co. Publishers P.Ltd
_a
NONE
_c
1979
082
_a
658.04
_b
DES
300
_a
476
546
_a
ENGLISH
999
_c
21546
_d
21546